Biblioteca

After our likeness : (Registro nro. 67599)

Detalles MARC
000 -LÍDER
Campo fijo de descripción fija 02219cam a2200373 a 4500
001 - NÚMERO DE CONTROL
Campo de control 768714001
003 - IDENTIFICADOR DEL NÚMERO DE CONTROL
Campo de control CO-MdFUSB
005 - FECHA Y HORA DE LA ULTIMA TRANSACCIÓN
control field 20220630124737.0
007 - CAMPO FIJO DE DESCRIPCIÓN FIJA--INFORMACIÓN GENERAL
Campo fijo de descripción fija ta
008 - ELEMENTOS DE LONGITUD FIJA -- INFORMACIÓN GENERAL
Campo fijo de descripción fija -- Información general 970819t1998 miu b 001 0 eng
020 ## - NÚMERO INTERNACIONAL NORMALIZADO PARA LIBROS
Número Internacional Normalizado del libro 0802844405
040 ## - FUENTE DE CATALOGACIÓN
Agencia de catalogación original DLC
Idioma de catalogación eng
Agencia que realiza la transcripción CO-MdFUSB
Agencia que realiza la modificación BAKER
-- NLGGC
-- BTCTA
-- YDXCP
-- CPE
-- GEBAY
-- DEBBG
-- BDX
-- HNW
-- OCLCQ
-- OCLCF
-- OCLCQ
-- OCL
Convenciones de la descripción rda
041 ## - CÓDIGO DE IDIOMA
Código de idioma para texto/pista de sonido o título separado eng
082 ## - NÚMERO DE CLASIFICACIÓN DECIMAL DEWEY
Número de la edición del Dewey 23
Número de clasificación 262
Clave de autor-Numero de item V914
100 1# - ASIENTO PRINCIPAL--NOMBRE PERSONAL
Nombre personal Volf, Miroslav.
Término relacionador autor
245 10 - TÍTULO
Título del Material After our likeness :
Parte restante del título - Subtitulo the church as the image of the trinity /
Mención de responsabilidad, etc. Miroslav Volf.
264 #1 - PRODUCCIÓN, PUBLICACIÓN, DISTRIBUCIÓN, MANUFACTURA, Y COPYRIGHT
Lugar de producción, publicación, distribución, manufactura Grand Rapids, Mich. :
Nombre del productor, publicador, distribuidor Wm. B. Eerdmans Publishing Company,
Fecha de producción, publicación, distribución, manufactura, o copyright [1998]
264 #4 - PRODUCCIÓN, PUBLICACIÓN, DISTRIBUCIÓN, MANUFACTURA, Y COPYRIGHT
Fecha de producción, publicación, distribución, manufactura, o copyright ©1998.
300 ## - DESCRIPCIÓN FÍSICA
Extensión 314 páginas ;
Dimensiones 24 cm.
336 ## - TIPO DE CONTENIDO
Término de tipo de contenido texto
Código de tipo de contenido txt
Fuente rdacontent.
337 ## - TIPO DE MEDIO
Nombre del tipo de medio sin mediación
Código del tipo de medio n
Fuente rdamedia.
338 ## - TIPO DE SOPORTE
Nombre del tipo de soporte volumen
Código Tipo de soporte nc
Fuente rdacarrier.
490 1# - MENCIÓN DE SERIE
Mención de serie Sacra doctrina.
504 ## - NOTA DE BIBLIOGRAFÍA, ETC.
Nota de bibliografía, etc Incluye referencias bibliográficas (páginas 283-306) e índice.
505 ## - NOTA DE CONTENIDO
Nota de contenido con formato preestablecido Ratzinger : comunión y el todo -- Zizioulas : comunión, uno y muchos -- La eclesialidad de la iglesia -- Fe, persona e iglesia -- Trinidad e iglesia -- Estructuras de la iglesia -- La catolicidad de la iglesia.
520 ## - NOTA DE RESUMEN, ETC.
Nota de sumario, etc. En After Our Likeness, Miroslav Volf explora la relación entre las personas y la comunidad en la teología cristiana. El enfoque es la comunidad de gracia, la iglesia cristiana. El punto de partida es el pensamiento del primer bautista, John Smyth, y la noción de iglesia como "comunidad reunida" que compartió con los reformadores radicales. Volf busca contrarrestar las tendencias hacia el individualismo en la eclesiología protestante y sugerir una comprensión viable de la iglesia en la que tanto a la persona como a la comunidad se les da lo que les corresponde. En el proceso, Volf se involucra en un diálogo ecuménico sostenido y crítico con las eclesiologías católica y ortodoxa del cardenal Joseph Ratzinger y el metropolitano John Zizioulas. El resultado es un estudio que detalla una visión de la iglesia como imagen del Dios trino.
563 ## - NOTA DE ENCUADERNACIÓN
Nota de encuadernación Rústico
650 #7 - ASIENTO SECUNDARIO DE MATERIA - TERMINO TEMÁTICO
9 (RLIN) 655
Término temático o nombre geográfico como elemento de entrada Iglesia
653 ## - TÉRMINO DE INDIZACIÓN - NO CONTROLADO
Término no controlado Comunidades cristianas
830 #0 - PUNTO DE ACCESO ADICIONAL DE SERIE - TÍTULO UNIFORME
Título uniforme Sacra doctrina.
942 ## - TIPO DE MATERIAL (KOHA)
Tipo de Item KOHA Libros General
945 ## - INFORMACIÓN LOCAL DEL REGISTRO
Catalogador JTF-925
Existencias
Estado de Material Estado de Perdido Forma de Clasificación Estado de Dañado No para Préstamo Colección Biblioteca de Origen Biblioteca Permanente Fecha de Adquisición Área Total de Préstamos Signatura Topográfica Código de Barras Última vez visto Ejemplar/Existencia Fecha de Remplazo Tipo de Material
    Dewey Decimal Classification     Colección General Biblioteca FUSBC Biblioteca FUSBC 30/03/2022 MISIONES / EVANGELISMO   G 262 V914a 21779 31/01/2024 Ej.1 30/03/2022 Libros General

Biblioteca FUSBC | Teléfono: (57+4) 349 88 10 Ext. 141| WhatsApp (+57) 3005338115 
E-mail: biblioteca@unisbc.edu.co | Calle 76 87-14 Robledo Palenque, Medellín, Colombia

Con tecnología Koha